[Event "Florianopolis op-C"]
[Site "Florianopolis"]
[Date "2023.09.24"]
[Round "6"]
[White "Nagel, Yasmin Da Silva"]
[Black "De Souza, Elana Silva"]
[Result "1/2-1/2"]
[WhiteElo "1493"]
[BlackElo "1538"]
[PlyCount "95"]
[EventDate "2023.09.22"]
[EventType "swiss"]
[EventRounds "6"]
[EventCountry "BRA"]
[SourceTitle "EXT 2024"]
[Source "ChessBase"]
[SourceDate "2023.10.10"]
[SourceVersion "1"]
[SourceVersionDate "2023.10.10"]
[SourceQuality "1"]

1. e4 e5 2. Nf3 Nc6 3. Bc4 Be7 4. d4 exd4 5. Nxd4 d6 6. Nxc6 bxc6 7. Nc3 Nf6 8. Be3 Ng4 9. Qf3 0-0 10. 0-0 Nxe3 11. fxe3 Bf6 12. Nd1 Bb7 13. Bd3 Qe7 14. Qf5 Be5 15. Rb1 g6 16. Qf3 d5 17. Nf2 Bg7 18. Kh1 Rae8 19. Rfe1 Rd8 20. Re2 Rfe8 21. a4 c5 22. exd5 Bxd5 23. e4 Ba8 24. Bc4 Rd4 25. b3 Bc6 26. c3 Rd7 27. Rbe1 Qe5 28. Re3 Qe7 29. R3e2 Kh8 30. h3 Be5 31. Qe3 Bg7 32. Bd3 Bxc3 33. Rc1 Bd4 34. Qf3 Qg5 35. Rd1 Qf6 36. Qg3 Red8 37. Kg1 Re7 38. Kh1 Bxf2 39. Rxf2 Qc3 40. Qf3 Qxb3 41. Qf6+ Kg8 42. Qxe7 Qxd1+ 43. Kh2 Qxd3 44. Qxf7+ Kh8 45. Qf6+ Kg8 46. Qf7+ Kh8 47. Qf6+ Kg8 48. Qf7+ 1/2-1/2

[Event "Florianopolis op-C"]
[Site "Florianopolis"]
[Date "2023.09.23"]
[Round "4"]
[White "Da Silva Junior, Jose Cacio"]
[Black "De Souza, Elana Silva"]
[Result "0-1"]
[WhiteElo "1745"]
[BlackElo "1538"]
[PlyCount "78"]
[EventDate "2023.09.22"]
[EventType "swiss"]
[EventRounds "6"]
[EventCountry "BRA"]
[SourceTitle "EXT 2024"]
[Source "ChessBase"]
[SourceDate "2023.10.10"]
[SourceVersion "1"]
[SourceVersionDate "2023.10.10"]
[SourceQuality "1"]

1. e4 e5 2. Nf3 Nc6 3. Bb5 a6 4. Ba4 Nf6 5. d3 b5 6. Bb3 d6 7. c3 Be7 8. Be3 0-0 9. 0-0 Bb7 10. Re1 Re8 11. Nbd2 Na5 12. Bc2 c5 13. h3 Nc6 14. Nf1 d5 15. a3 dxe4 16. dxe4 c4 17. Ng3 Qc7 18. Bg5 Rad8 19. Qc1 g6 20. Kh2 Nb8 21. Rh1 Nbd7 22. Kg1 Nc5 23. Bxf6 Bxf6 24. Qh6 Bg7 25. Qg5 f6 26. Qg4 Nd3 27. b3 Bc8 28. Qh4 Qc5 29. Rf1 Qxa3 30. Rb1 Qc5 31. Rf1 Qa3 32. Rb1 Qa2 33. Ne1 Nxe1 34. Rxe1 Qxc2 35. Kh2 Qxc3 36. Rc1 Qd2 37. f4 Qb2 38. fxe5 Rd2 39. exf6 Rxg2# 0-1

[Event "Florianopolis op-C"]
[Site "Florianopolis"]
[Date "2023.09.22"]
[Round "1"]
[White "De Souza, Elana Silva"]
[Black "Robell, Pedro Da Rocha Lour"]
[Result "1-0"]
[WhiteElo "1538"]
[BlackElo "1800"]
[PlyCount "93"]
[EventDate "2023.09.22"]
[EventType "swiss"]
[EventRounds "6"]
[EventCountry "BRA"]
[SourceTitle "EXT 2024"]
[Source "ChessBase"]
[SourceDate "2023.10.10"]
[SourceVersion "1"]
[SourceVersionDate "2023.10.10"]
[SourceQuality "1"]

1. c4 e6 2. g3 Nf6 3. Bg2 Be7 4. Nc3 0-0 5. Nf3 d5 6. cxd5 exd5 7. d4 c6 8. 0-0 Bg4 9. Ne5 Bf5 10. e3 Nbd7 11. Nxd7 Qxd7 12. Re1 Rfe8 13. Bd2 Bb4 14. a3 Bxc3 15. Bxc3 Ne4 16. f3 Nd6 17. b3 Qe7 18. Rc1 Qg5 19. Bd2 Qe7 20. Bb4 Qc7 21. a4 Rad8 22. Bc5 b6 23. Ba3 Re6 24. Qd2 Rde8 25. Qc3 Nc8 26. b4 Ne7 27. b5 Nc8 28. bxc6 Nd6 29. Bxd6 Rxd6 30. e4 Bg6 31. exd5 Red8 32. f4 f6 33. Re6 Rxe6 34. dxe6 Rc8 35. d5 a6 36. Rd1 Qd6 37. Qe3 Rxc6 38. dxc6 Qxd1+ 39. Kf2 Qxa4 40. Qxb6 Qa2+ 41. Kf3 Qxe6 42. Qd8+ Be8 43. c7 Qc6+ 44. Kg4 f5+ 45. Kxf5 Qb5+ 46. Qd5+ Qxd5+ 47. Bxd5+ 1-0

[Event "Caioba op 7th"]
[Site "Caioba"]
[Date "2023.06.21"]
[Round "5"]
[White "Gamarra, Ramon"]
[Black "De Souza, Elana Silva"]
[Result "1/2-1/2"]
[WhiteElo "1881"]
[BlackElo "1522"]
[PlyCount "31"]
[EventDate "2023.06.18"]
[EventType "swiss"]
[EventRounds "9"]
[EventCountry "BRA"]
[SourceTitle "CBM 214 Extra"]
[Source "ChessBase"]
[SourceDate "2023.07.31"]
[SourceVersion "1"]
[SourceVersionDate "2023.07.31"]
[SourceQuality "1"]

1. c4 Nf6 2. Nc3 g6 3. g3 Bg7 4. Bg2 d6 5. d4 0-0 6. Qc2 e5 7. Nf3 exd4 8. Nxd4 Re8 9. 0-0 Nbd7 10. b3 Nc5 11. Bg5 c6 12. Rfd1 Qc7 13. Re1 Ne6 14. Nxe6 Bxe6 15. Bf4 Bf8 16. c5 1/2-1/2

[Event "Caioba op 7th"]
[Site "Caioba"]
[Date "2023.06.19"]
[Round "3"]
[White "De Oliveira, Edson Luciani"]
[Black "De Souza, Elana Silva"]
[Result "1-0"]
[WhiteElo "1979"]
[BlackElo "1522"]
[PlyCount "41"]
[EventDate "2023.06.18"]
[EventType "swiss"]
[EventRounds "9"]
[EventCountry "BRA"]
[SourceTitle "CBM 214 Extra"]
[Source "ChessBase"]
[SourceDate "2023.07.31"]
[SourceVersion "1"]
[SourceVersionDate "2023.07.31"]
[SourceQuality "1"]

1. d4 Nf6 2. c4 g6 3. Nc3 Bg7 4. e4 d6 5. Be2 0-0 6. Nf3 Nc6 7. d5 Nb8 8. h3 e6 9. 0-0 exd5 10. exd5 Nbd7 11. Be3 Re8 12. Rc1 Ne5 13. Nd4 c5 14. dxc6 Nxc6 15. Ndb5 Bf8 16. Nd5 Nxd5 17. cxd5 Ne5 18. Nc7 Bd7 19. Nxa8 Qxa8 20. Qd4 b6 21. f4 1-0

[Event "Florianopolis op-B 04"]
[Site "Florianopolis"]
[Date "2023.05.01"]
[Round "6"]
[White "Da Silva, Joao Carlos Orguim"]
[Black "De Souza, Elana Silva"]
[Result "1-0"]
[WhiteElo "1701"]
[BlackElo "1544"]
[PlyCount "55"]
[EventDate "2023.04.28"]
[EventType "swiss"]
[EventRounds "6"]
[EventCountry "BRA"]
[SourceTitle "CBM 214 Extra"]
[Source "ChessBase"]
[SourceDate "2023.07.31"]
[SourceVersion "1"]
[SourceVersionDate "2023.07.31"]
[SourceQuality "1"]

1. f4 Nf6 2. Nf3 g6 3. b3 Bg7 4. Bb2 d6 5. e3 Nc6 6. Be2 b6 7. 0-0 Bb7 8. Re1 Qd7 9. d3 d5 10. Ne5 Qd8 11. Nxc6 Bxc6 12. Bf3 e6 13. Nd2 Qd7 14. g4 0-0 15. g5 Ne8 16. Bxg7 Nxg7 17. e4 h6 18. Qe2 hxg5 19. fxg5 Qe7 20. Qe3 d4 21. Qf4 Nh5 22. Qe5 f6 23. gxf6 Nxf6 24. Re2 Qh7 25. Rf1 Be8 26. Qg5 Qg7 27. Bg2 Nh7 28. Qg4 1-0

[Event "Florianopolis op-B 04"]
[Site "Florianopolis"]
[Date "2023.04.30"]
[Round "4"]
[White "Pereira, Manoel Selvino Mora"]
[Black "De Souza, Elana Silva"]
[Result "0-1"]
[WhiteElo "1800"]
[BlackElo "1544"]
[PlyCount "108"]
[EventDate "2023.04.28"]
[EventType "swiss"]
[EventRounds "6"]
[EventCountry "BRA"]
[SourceTitle "CBM 214 Extra"]
[Source "ChessBase"]
[SourceDate "2023.07.31"]
[SourceVersion "1"]
[SourceVersionDate "2023.07.31"]
[SourceQuality "1"]

1. e4 e5 2. Nf3 Nc6 3. Bb5 a6 4. Ba4 Nf6 5. 0-0 b5 6. Bb3 Be7 7. Re1 d6 8. c3 0-0 9. d3 Bb7 10. Nbd2 Rc8 11. a4 Na5 12. axb5 Nxb3 13. Qxb3 Rb8 14. bxa6 Bxe4 15. Qc2 Ba8 16. Ne4 Qc8 17. Bg5 Nxe4 18. Bxe7 Re8 19. dxe4 Rxe7 20. Ra3 Rb6 21. Rea1 c5 22. Nd2 Ra7 23. Qd3 Rc6 24. Qb5 Qd8 25. Nc4 Rc8 26. Qb6 Qxb6 27. Nxb6 Rb8 28. Nxa8 Raxa8 29. Ra4 Rxb2 30. R4a2 Rb3 31. c4 Kf8 32. a7 Rb6 33. Kf1 Ke7 34. Ke2 Kd7 35. Kd3 Kc7 36. Kc3 Kb7 37. h4 g6 38. h5 Kc7 39. hxg6 hxg6 40. Rh1 Rb7 41. Rh8 Raxa7 42. Rd2 Ra3+ 43. Kc2 Kd7 44. Rh7 Ke7 45. g3 Ra2+ 46. Kc1 Rxd2 47. Kxd2 Rb2+ 48. Ke3 Rc2 49. Rh1 Rxc4 50. Ra1 Rc3+ 51. Kd2 Rb3 52. Ra7+ Ke6 53. Kc2 Rb4 54. f3 f5 0-1

[Event "Santa Catarina-ch (Women)"]
[Site "Lages"]
[Date "2020.02.15"]
[Round "3"]
[White "De Souza, Elana Silva"]
[Black "Dull, Amanda Paul"]
[Result "1-0"]
[WhiteElo "1522"]
[BlackElo "1854"]
[PlyCount "87"]
[EventDate "2020.02.14"]
[EventType "swiss"]
[EventRounds "6"]
[EventCountry "BRA"]
[SourceTitle "CBM 195 Extra"]
[Source "ChessBase"]
[SourceDate "2020.05.31"]
[SourceVersion "1"]
[SourceVersionDate "2020.05.31"]
[SourceQuality "1"]

1. c4 Nf6 2. b3 c6 3. Bb2 d5 4. g3 Bf5 5. Bg2 e6 6. Nf3 Nbd7 7. 0-0 Be7 8. d3 h6 9. Nbd2 a5 10. a3 0-0 11. Ne5 Qc7 12. Nxd7 Qxd7 13. Nf3 Rfe8 14. Ne5 Qc7 15. Qd2 a4 16. b4 Bd6 17. Nf3 e5 18. cxd5 cxd5 19. Rac1 Qd7 20. Rfd1 Bh3 21. Bh1 Rad8 22. Ne1 Qf5 23. e3 h5 24. Qc2 h4 25. e4 Qg5 26. Bf3 Bg4 27. Qe2 hxg3 28. hxg3 d4 29. Bxg4 Nxg4 30. Nf3 Re6 31. Kg2 f5 32. Rh1 Qg6 33. Nh4 Qg5 34. Nxf5 Rf8 35. Rh4 Nh6 36. Rch1 Nxf5 37. Rh8+ Kf7 38. Bc1 Qg6 39. Qf3 Rf6 40. exf5 Qxf5 41. Qxb7+ Kg6 42. f3 Qxd3 43. R8h6+ Kf5 44. Qd7+ 1-0

[Event "Santa Catarina-ch (Women)"]
[Site "Lages"]
[Date "2020.02.14"]
[Round "2"]
[White "Pereira, Aline Vitoria"]
[Black "De Souza, Elana Silva"]
[Result "0-1"]
[WhiteElo "1294"]
[BlackElo "1522"]
[PlyCount "96"]
[EventDate "2020.02.14"]
[EventType "swiss"]
[EventRounds "6"]
[EventCountry "BRA"]
[SourceTitle "CBM 195 Extra"]
[Source "ChessBase"]
[SourceDate "2020.05.31"]
[SourceVersion "1"]
[SourceVersionDate "2020.05.31"]
[SourceQuality "1"]

1. d4 Nf6 2. c4 g6 3. Nc3 Bg7 4. e4 d6 5. f3 0-0 6. Be3 e5 7. d5 c6 8. Qd2 cxd5 9. cxd5 a6 10. g4 Nxg4 11. fxg4 Qh4+ 12. Qf2 Qxf2+ 13. Bxf2 Bxg4 14. Be2 f5 15. Bxg4 fxg4 16. h3 gxh3 17. Rxh3 Nd7 18. Be3 Rf7 19. Bh6 Raf8 20. 0-0-0 Nc5 21. b4 Nd7 22. Rh4 Rf1 23. Nh3 R1f3 24. Kc2 Rc8 25. Rd3 Rf1 26. Ng5 Bf6 27. Kb2 Rf2+ 28. Kb3 Rg2 29. Rdh3 Bxg5 30. Bxg5 Rxg5 31. Rxh7 Rc7 32. b5 Nc5+ 33. Kb4 Rxh7 34. Rf3 Rf7 35. Rxf7 Kxf7 36. bxa6 bxa6 37. Ka5 Rg3 38. Na4 Ra3 39. Kb4 Rxa4+ 40. Kc3 Rxe4 41. Kd2 g5 42. Kc2 g4 43. Kd2 g3 44. Kc2 g2 45. Kd1 g1Q+ 46. Kd2 Qd4+ 47. Kc2 Re2+ 48. Kb1 Qd1# 0-1

[Event "Caioba Telecom op"]
[Site "Caioba"]
[Date "2018.08.03"]
[Round "6"]
[White "De Souza, Elana Silva"]
[Black "Felix, Jhulia Vitoria"]
[Result "1-0"]
[WhiteElo "1550"]
[BlackElo "1362"]
[PlyCount "81"]
[EventDate "2018.08.01"]
[EventType "swiss"]
[EventRounds "9"]
[EventCountry "BRA"]
[SourceTitle "CBM 186 Extra"]
[Source "ChessBase"]
[SourceDate "2018.08.24"]
[SourceVersion "1"]
[SourceVersionDate "2018.08.24"]
[SourceQuality "1"]

1. c4 Nf6 2. Nc3 d5 3. cxd5 Nxd5 4. g3 b6 5. Bg2 Bb7 6. Nf3 g6 7. 0-0 Bg7 8. Qb3 Na6 9. d4 Nxc3 10. bxc3 0-0 11. Ba3 Rb8 12. e3 c5 13. Qc2 cxd4 14. cxd4 Rc8 15. Qe2 Nc7 16. Rfc1 Re8 17. Bh3 e6 18. Bg2 e5 19. dxe5 Bxe5 20. Nxe5 Bxg2 21. Kxg2 Rxe5 22. Bb2 Rc5 23. Rxc5 bxc5 24. Rd1 Qe7 25. Qc4 Ne8 26. Qc3 f6 27. Kg1 Qb7 28. Qc4+ Kg7 29. Qe6 Rc7 30. Bc3 Qc6 31. Qxc6 Rxc6 32. Rd7+ Kh6 33. Rxa7 f5 34. Be5 c4 35. Bc3 Nd6 36. Bg7+ Kg5 37. h4+ Kg4 38. Kg2 f4 39. f3+ Kf5 40. Re7 g5 41. h5 1-0

[Event "Rio Branco Acre op"]
[Site "Rio Branco"]
[Date "2017.12.09"]
[Round "5"]
[White "Bezerra, Fabiano de Oliveira"]
[Black "De Souza, Elana Silva"]
[Result "1-0"]
[WhiteElo "1899"]
[BlackElo "1549"]
[PlyCount "121"]
[EventDate "2017.12.07"]
[EventType "swiss"]
[EventRounds "7"]
[EventCountry "BRA"]
[SourceTitle "CBM 182 Extra"]
[Source "ChessBase"]
[SourceDate "2018.02.23"]
[SourceVersion "1"]
[SourceVersionDate "2018.02.23"]
[SourceQuality "1"]

1. Nf3 Nf6 2. b3 g6 3. Bb2 Bg7 4. e3 0-0 5. Be2 d6 6. d4 Nbd7 7. 0-0 c5 8. Nbd2 b6 9. c4 Bb7 10. Rc1 Rc8 11. Re1 Rc7 12. d5 e6 13. e4 Re8 14. Bd3 exd5 15. exd5 b5 16. Qc2 Nb6 17. Rxe8+ Qxe8 18. Re1 Re7 19. Rxe7 Qxe7 20. Nf1 bxc4 21. bxc4 Ba6 22. Bc3 Qe8 23. Bd2 Nbd7 24. Qa4 Qc8 25. Ne3 Nb6 26. Qc2 Ng4 27. h3 Ne5 28. Nxe5 Bxe5 29. Ng4 Bd4 30. Be3 Bg7 31. Bh6 Qf8 32. Bxg7 Qxg7 33. Ne3 Qd4 34. g3 Kg7 35. Kg2 h5 36. g4 hxg4 37. hxg4 Bc8 38. a4 Bxg4 39. a5 Nd7 40. Nxg4 Qxg4+ 41. Kf1 Ne5 42. Be2 Qh3+ 43. Kg1 Ng4 44. Bxg4 Qxg4+ 45. Kf1 Qh3+ 46. Ke2 Qg4+ 47. Ke1 Qd4 48. Ke2 Qe5+ 49. Kf3 f5 50. Qb3 Qe4+ 51. Kg3 Qg4+ 52. Kh2 f4 53. Qb2+ Kh7 54. Qf6 Qh5+ 55. Kg2 Qg4+ 56. Kh2 Qh5+ 57. Kg1 Qd1+ 58. Kg2 Qg4+ 59. Kh1 f3 60. Qf7+ Kh6 61. Qf8+ 1-0

[Event "Florianopolis Winter Amateur op"]
[Site "Florianopolis"]
[Date "2017.08.12"]
[Round "3"]
[White "Cordioli, Jairo Ribeiro"]
[Black "De Souza, Elana Silva"]
[Result "0-1"]
[WhiteElo "1851"]
[BlackElo "1541"]
[PlyCount "100"]
[EventDate "2017.08.11"]
[EventType "swiss"]
[EventRounds "7"]
[EventCountry "BRA"]
[SourceTitle "CBM 180 Extra"]
[Source "ChessBase"]
[SourceDate "2017.10.06"]
[SourceVersion "1"]
[SourceVersionDate "2017.10.06"]
[SourceQuality "1"]

1. d4 Nf6 2. c4 g6 3. Nc3 Bg7 4. e4 d6 5. Be2 0-0 6. f4 c5 7. Be3 cxd4 8. Bxd4 Nc6 9. Be3 b6 10. Bf3 Bb7 11. Nge2 Rc8 12. 0-0 e6 13. Rc1 Ne7 14. b3 d5 15. e5 Ne8 16. Nd4 Ba6 17. Ncb5 Bxb5 18. cxb5 Nc7 19. a4 Qd7 20. Nc6 Nxc6 21. bxc6 Qe8 22. b4 b5 23. Bxa7 bxa4 24. Bc5 a3 25. Be2 Rb8 26. Qa4 Ra8 27. Ba7 Qc8 28. b5 Nxb5 29. Bxb5 Qc7 30. Qxa3 Rxa7 31. Qe3 Rb8 32. Be2 Rb6 33. Rc2 Bf8 34. Rfc1 Ra3 35. Bd3 Rbb3 36. Rd1 Rc3 37. Qe2 Qxc6 38. h3 Rxc2 39. Qxc2 Rc3 40. Qe2 Qa4 41. g3 Qa3 42. Kg2 Rb3 43. g4 Bb4 44. f5 Rb2 45. Bc2 Qc3 46. Rc1 Ra2 47. f6 Ba3 48. Qb5 Rxc2+ 49. Rxc2 Qxc2+ 50. Kg3 Qc3+ 0-1

[Event "Florianopolis Winter Amateur op"]
[Site "Florianopolis"]
[Date "2017.08.12"]
[Round "4"]
[White "De Souza, Elana Silva"]
[Black "Ferreira, Rodrigo Maycon Mira"]
[Result "0-1"]
[WhiteElo "1541"]
[BlackElo "1873"]
[PlyCount "90"]
[EventDate "2017.08.11"]
[EventType "swiss"]
[EventRounds "7"]
[EventCountry "BRA"]
[SourceTitle "CBM 180 Extra"]
[Source "ChessBase"]
[SourceDate "2017.10.06"]
[SourceVersion "1"]
[SourceVersionDate "2017.10.06"]
[SourceQuality "1"]

1. c4 e5 2. Nc3 Nc6 3. g3 Nf6 4. Bg2 Bc5 5. e3 d6 6. Nge2 0-0 7. 0-0 Be6 8. d3 a6 9. Rb1 Qd7 10. Re1 Rab8 11. a3 Bh3 12. Bh1 b5 13. b4 Ba7 14. cxb5 axb5 15. Bb2 d5 16. d4 e4 17. Nf4 Bg4 18. Qb3 Ne7 19. Bg2 g5 20. Nfe2 Qf5 21. Rbc1 Ng6 22. Nb1 Qd7 23. Nd2 h5 24. Qc3 Bb6 25. Qc6 Qe7 26. h3 Bd7 27. Qc2 Ne8 28. Nb3 Nd6 29. Nc5 Be8 30. Na6 Rc8 31. Nc3 c6 32. Nc5 f5 33. Qe2 Qh7 34. Ne6 f4 35. Nxf8 Kxf8 36. Qc2 Bd7 37. Nb1 Nf5 38. Kh2 Bc7 39. Rf1 f3 40. Bh1 h4 41. Rg1 hxg3+ 42. fxg3 Kf7 43. Qf2 Nxg3 44. Rxg3 Qxh3+ 45. Kg1 Bxg3 0-1

[Event "BRA-ch sf (Women)"]
[Site "Icara"]
[Date "2017.07.02"]
[Round "7"]
[White "De Souza, Elana Silva"]
[Black "Nicoladeli, Isadora Da Rocha"]
[Result "1-0"]
[WhiteElo "1543"]
[BlackElo "1364"]
[PlyCount "81"]
[EventDate "2017.06.29"]
[EventType "swiss"]
[EventRounds "7"]
[EventCountry "BRA"]
[SourceTitle "CBM 179 Extra"]
[Source "ChessBase"]
[SourceDate "2017.08.23"]
[SourceVersion "1"]
[SourceVersionDate "2017.08.23"]
[SourceQuality "1"]

1. c4 Nf6 2. Nc3 g6 3. g3 Bg7 4. Bg2 0-0 5. e3 e5 6. Nge2 d6 7. 0-0 Be6 8. d3 Qd7 9. Bxb7 Nc6 10. Bxa8 Rxa8 11. f3 d5 12. cxd5 Nxd5 13. Nxd5 Qxd5 14. Nc3 Qc5 15. Rf2 Rd8 16. Rc2 Nb4 17. Re2 Rxd3 18. Qe1 Bh6 19. a3 Nd5 20. Nxd5 Bxd5 21. b4 Qb6 22. Kg2 Qf6 23. e4 Qxf3+ 24. Kg1 Bxe4 25. Rxe4 Rd1 26. Bxh6 Rxe1+ 27. Raxe1 f6 28. Bc1 Qc3 29. Rd1 Qc2 30. Rd8+ Kf7 31. Re1 Qc3 32. Red1 Ke6 33. R8d3 Qc2 34. Be3 a6 35. Bc5 Kf5 36. R1d2 Qc4 37. Kf2 Qg4 38. Rd7 e4 39. Kg1 Ke5 40. Re7+ Kf5 41. Rd5# 1-0

[Event "BRA-ch sf (Women)"]
[Site "Icara"]
[Date "2017.07.01"]
[Round "5"]
[White "Dull, Amanda Paul"]
[Black "De Souza, Elana Silva"]
[Result "1-0"]
[WhiteElo "1871"]
[BlackElo "1543"]
[PlyCount "51"]
[EventDate "2017.06.29"]
[EventType "swiss"]
[EventRounds "7"]
[EventCountry "BRA"]
[SourceTitle "CBM 179 Extra"]
[Source "ChessBase"]
[SourceDate "2017.08.23"]
[SourceVersion "1"]
[SourceVersionDate "2017.08.23"]
[SourceQuality "1"]

1. d4 Nf6 2. Nf3 g6 3. Bg5 Bg7 4. Nbd2 d6 5. e4 0-0 6. Bd3 c5 7. c3 Qc7 8. 0-0 b6 9. Re1 Bb7 10. e5 Ne8 11. exd6 Nxd6 12. Rxe7 Qc6 13. dxc5 bxc5 14. Nc4 Nd7 15. Na5 Qc8 16. Nxb7 Qxb7 17. Qd2 Rfe8 18. Bxg6 fxg6 19. Qxd6 Rxe7 20. Bxe7 Re8 21. Rd1 Nb6 22. Bh4 Bf8 23. Qf4 Re4 24. Qf6 Be7 25. Rd8+ Bxd8 26. Qxd8+ 1-0

[Event "Catarinense-ch (Women)"]
[Site "Blumenau"]
[Date "2017.05.21"]
[Round "5"]
[White "Moretto, Leticia Soares"]
[Black "De Souza, Elana Silva"]
[Result "1/2-1/2"]
[WhiteElo "1254"]
[BlackElo "1558"]
[PlyCount "110"]
[EventDate "2017.05.19"]
[EventType "swiss"]
[EventRounds "6"]
[EventCountry "BRA"]
[SourceTitle "CBM 178 Extra"]
[Source "ChessBase"]
[SourceDate "2017.06.22"]
[SourceVersion "1"]
[SourceVersionDate "2017.06.22"]
[SourceQuality "1"]

1. d4 Nf6 2. c4 g6 3. Nc3 Bg7 4. e4 d6 5. Nf3 0-0 6. Be2 Nc6 7. 0-0 e5 8. dxe5 Nxe5 9. Nxe5 dxe5 10. Qxd8 Rxd8 11. Rd1 Be6 12. Be3 c6 13. b3 b6 14. Rxd8+ Rxd8 15. Rd1 Rxd1+ 16. Bxd1 Bf8 17. f3 Bb4 18. Ne2 Nd7 19. a4 Nc5 20. Bxc5 Bxc5+ 21. Kf1 a6 22. h3 Kf8 23. g4 h5 24. Ke1 hxg4 25. hxg4 f5 26. gxf5 gxf5 27. exf5 Bxf5 28. f4 Bd6 29. fxe5 Bxe5 30. Kd2 Ke7 31. Bc2 Be6 32. Bd3 a5 33. Kc2 Kd6 34. Nc3 Kc5 35. Ne2 Kb4 36. Be4 b5 37. Bxc6 bxc4 38. bxc4 Bf5+ 39. Kd1 Kxc4 40. Bb5+ Kb4 41. Nc1 Kc3 42. Ke2 Bf4 43. Nd3 Bg4+ 44. Kf2 Bd6 45. Ne1 Bd1 46. Ke3 Bc5+ 47. Ke4 Kb3 48. Kd5 Bg1 49. Nd3 Ka3 50. Nc5 Bc2 51. Nb7 Kb4 52. Nxa5 Kxa5 53. Kc4 Bh2 54. Kc3 Bxa4 55. Bxa4 Kxa4 1/2-1/2

[Event "Catarinense-ch (Women)"]
[Site "Blumenau"]
[Date "2017.05.20"]
[Round "4"]
[White "De Souza, Elana Silva"]
[Black "Feller, Isadora Cristina Vi"]
[Result "1-0"]
[WhiteElo "1558"]
[BlackElo "1663"]
[PlyCount "43"]
[EventDate "2017.05.19"]
[EventType "swiss"]
[EventRounds "6"]
[EventCountry "BRA"]
[SourceTitle "CBM 178 Extra"]
[Source "ChessBase"]
[SourceDate "2017.06.22"]
[SourceVersion "1"]
[SourceVersionDate "2017.06.22"]
[SourceQuality "1"]

1. e4 e5 2. Nf3 Nc6 3. Bc4 d6 4. c3 Nf6 5. d3 Be7 6. 0-0 Bg4 7. h3 Bh5 8. Re1 Qd7 9. Be3 0-0-0 10. Nbd2 d5 11. Bb5 a6 12. Bxc6 Qxc6 13. Qc2 Bg6 14. Nxe5 Qe6 15. Nxg6 hxg6 16. exd5 Qxd5 17. Bf4 Nh5 18. Bxc7 Kxc7 19. Rxe7+ Kc8 20. d4 Nf4 21. Qe4 Qd6 22. Qxb7# 1-0

[Event "Florianopolis Taca Cup"]
[Site "Florianopolis"]
[Date "2017.03.25"]
[Round "3"]
[White "Rodrigues, Natanael Isau Braz"]
[Black "De Souza, Elana Silva"]
[Result "1-0"]
[WhiteElo "1790"]
[BlackElo "1560"]
[PlyCount "59"]
[EventDate "2017.03.24"]
[EventType "swiss"]
[EventRounds "6"]
[EventCountry "BRA"]
[SourceTitle "CBM 177 Extra"]
[Source "ChessBase"]
[SourceDate "2017.04.27"]
[SourceVersion "1"]
[SourceVersionDate "2017.04.27"]
[SourceQuality "1"]

1. d4 Nf6 2. Nf3 g6 3. e3 Bg7 4. Bd3 0-0 5. b3 d6 6. Bb2 Nbd7 7. c3 e5 8. Nbd2 Re8 9. Qc2 exd4 10. cxd4 Nd5 11. 0-0 Nb4 12. Qc3 Nxd3 13. Qxd3 Nf6 14. e4 Nxe4 15. Nxe4 Bf5 16. Nfd2 d5 17. f3 dxe4 18. fxe4 Be6 19. Bc3 c6 20. Rad1 Qc7 21. Nc4 Rad8 22. Qf3 Bxc4 23. bxc4 c5 24. d5 Bxc3 25. Qxc3 Rxe4 26. Rf6 Rd6 27. Qg3 Ree6 28. Rdf1 Rxf6 29. Rxf6 Qb6 30. Qxd6 1-0

[Event "Florianopolis Taca Cup"]
[Site "Florianopolis"]
[Date "2017.03.24"]
[Round "2"]
[White "De Souza, Elana Silva"]
[Black "Marques Junior, Marcos Antonio"]
[Result "1/2-1/2"]
[WhiteElo "1560"]
[BlackElo "1748"]
[PlyCount "160"]
[EventDate "2017.03.24"]
[EventType "swiss"]
[EventRounds "6"]
[EventCountry "BRA"]
[SourceTitle "CBM 177 Extra"]
[Source "ChessBase"]
[SourceDate "2017.04.27"]
[SourceVersion "1"]
[SourceVersionDate "2017.04.27"]
[SourceQuality "1"]

1. e4 e6 2. d4 d5 3. exd5 exd5 4. Nf3 Nf6 5. Bd3 Be7 6. 0-0 0-0 7. Bg5 h6 8. Bh4 Nc6 9. c3 a6 10. Re1 Re8 11. Nbd2 Be6 12. Qc2 b5 13. h3 Na5 14. Ne5 Nd7 15. Bxe7 Qxe7 16. Ndf3 Nc4 17. Nxd7 Qxd7 18. b3 Nb6 19. Ne5 Qd6 20. Re2 Rac8 21. Qd2 c5 22. Rae1 cxd4 23. cxd4 Rc7 24. Rc1 Rec8 25. Rxc7 Qxc7 26. Qb2 Qc1+ 27. Qxc1 Rxc1+ 28. Kh2 Kf8 29. Rc2 Rxc2 30. Bxc2 Ke7 31. Kg3 Kd6 32. Kf4 b4 33. Bd3 f6 34. Ng6 a5 35. Ke3 a4 36. Bb5 a3 37. Nf4 Bf7 38. Nd3 Nc8 39. Nxb4 Ne7 40. Bd3 g5 41. Nc2 f5 42. Nxa3 Ke6 43. Nb5 Nc6 44. a4 Bh5 45. Kd2 f4 46. Kc3 Bd1 47. Bc2 Be2 48. Nc7+ Kd6 49. Ne8+ Ke6 50. g3 fxg3 51. fxg3 Kf7 52. Nd6+ Kf6 53. b4 h5 54. b5 Nd8 55. Bb3 Bf3 56. Ne8+ Ke7 57. Nc7 Kd6 58. Na6 h4 59. gxh4 gxh4 60. Bc2 Ke6 61. Nc5+ Kf6 62. Nd3 Bg2 63. Nf2 Kg5 64. Bd1 Kf4 65. b6 Nc6 66. b7 Kg3 67. a5 Nb8 68. Nd3 Bxh3 69. Ne1 Bf1 70. Bf3 Kf2 71. Bxd5 Kxe1 72. Be6 Kf2 73. Kb4 h3 74. Bxh3 Bxh3 75. Kb5 Bf1+ 76. Kb6 Bc4 77. Kc7 Na6+ 78. Kc8 Ke3 79. b8Q Nxb8 80. Kxb8 Kxd4 1/2-1/2

[Event "Florianopolis Taca Cup"]
[Site "Florianopolis"]
[Date "2017.03.24"]
[Round "1"]
[White "De Souza, Elana Silva"]
[Black "Pomar, Marcelo Nascimento"]
[Result "0-1"]
[WhiteElo "1560"]
[BlackElo "2060"]
[PlyCount "74"]
[EventDate "2017.03.24"]
[EventType "swiss"]
[EventRounds "6"]
[EventCountry "BRA"]
[SourceTitle "CBM 177 Extra"]
[Source "ChessBase"]
[SourceDate "2017.04.27"]
[SourceVersion "1"]
[SourceVersionDate "2017.04.27"]
[SourceQuality "1"]

1. e4 e5 2. Nf3 Nc6 3. d4 exd4 4. Nxd4 Nf6 5. Nxc6 bxc6 6. e5 Qe7 7. Qe2 Nd5 8. c4 Ba6 9. b3 Qh4 10. Bb2 Bb4+ 11. Nd2 Qf4 12. g3 Bxd2+ 13. Qxd2 Qe4+ 14. Kd1 Qxh1 15. Kc2 Nb6 16. f4 Qe4+ 17. Bd3 Qf3 18. Rd1 0-0-0 19. Bd4 d5 20. Be2 Nxc4 21. Bxf3 Nxd2 22. Kxd2 Kb7 23. f5 h5 24. h3 Kb8 25. e6 fxe6 26. fxe6 Rh7 27. Re1 Re8 28. Bd1 Bc8 29. e7 g6 30. Bc5 Bxh3 31. Re5 Bf5 32. Ke3 Kc8 33. Kd4 Kd7 34. Bxa7 Rhxe7 35. Rxe7+ Rxe7 36. a4 Re1 37. Bf3 Rg1 0-1